=LDR 00000nam 2200000 4500 =001 INLIS000000000017987 =005 20130612113155 =008 ***********************************Ind** =035 ##$$0010-061300000017987 =041 ##$$a Ind =082 ##$$a 658.812 =090 ##$$a 658.812, Noo s =100 ##$$a Noor, Juliansyah =245 ##$$a Sales energi, Juliansyah Noor =260 ##$$a 2004 $b Jakarta =300 ##$$a xv, 100 hlm, 22 cm =650 ##$$a Manajemen Penjualan =850 ##$$a NBPNMAT